• 首页
  • 本馆介绍
  • 公告通知
  • 最新文献
  • 馆藏检索
  • 电子资源
  • 读者导购
  • 参考咨询
  • 我的图书馆
  • 登录
  • 详细信息显示
  • 放入我的书架
  • 预约/预借图书
  • 作者相关作品
  • 分类相关作品
  • 丛书相关作品
  • 出版社相关作品

书目信息

  • 表格格式
  • 工作单格式
  • 卡片格式
题名:
从秦朝开始
    
 
作者: 胡武功 著
分册:  
出版信息: 北京   文化艺术出版社  2013.07
页数: 430页
开本: 27cm
丛书名:
单 册:
中图分类: J421.8
科图分类:
主题词: 摄影集--中国--现代 , 摄影集
电子资源:
ISBN: 978-7-5039-5623-2
000 00767nam0 2200253 450
001 0120131184767
005 20140609153551.07
010    @a978-7-5039-5623-2@dCNY180.00
100    @a20131219d2013 em y0chiy0110 ea
101 0  @achi
102    @aCN@b110000
105    @aa z 000yy
106    @ar
200 1  @a从秦朝开始@9cong qin chao kai shi@f胡武功著
210    @a北京@c文化艺术出版社@d2013.07
215    @a430页@c图@d27cm
330    @a本书主要内容包括:黄河、窟野河、无定河、长城、古堡、统万城、大漠、榆林城、人文、风情、庙会、洋教、艺术等。
333    @a摄影爱好者
606 0  @a摄影集@y中国@z现代
606 0  @a摄影集
690    @aJ421.8@v5
701  0 @a胡武功@9hu wu gong@4著
801  0 @aCN@b人天书店@c20131219
905    @b549869-71@dJ421.8@e283@f3
    
    从秦朝开始/胡武功著.-北京:文化艺术出版社,2013.07
    430页:图;27cm
    使用对象:摄影爱好者
    
    ISBN 978-7-5039-5623-2:CNY180.00
    本书主要内容包括:黄河、窟野河、无定河、长城、古堡、统万城、大漠、榆林城、人文、风情、庙会、洋教、艺术等。
●
相关链接 在E读中查询图书 在五车中查询图书 在当当中查询图书 在豆瓣中查询图书


正题名:从秦朝开始     索取号:J421.8/283         预约/预借

序号 登录号 条形码 馆藏地/架位号 状态 备注
1 549869   205498692   第一样本阅览室/ [索取号:J421.8/283] 在馆    
2 549870   205498709   第一借阅区/ [索取号:J421.8/283] 在馆    
3 549871   205498718   第一借阅区/ [索取号:J421.8/283] 在馆    
唐山师范学院图书馆 欢迎您!
大连网信软件有限公司© 版权所有